• Ricci Sindoni Paola

di Personal Name

Records bibliografici associati: 7

001 - CONTROL NUMBER

  • control field: 59094

003 - CONTROL NUMBER IDENTIFIER

  • control field:

005 - DATE AND TIME OF LATEST TRANSACTION

  • control field: 20220801164409.0

008 - FIXED-LENGTH DATA ELEMENTS

  • fixed length control field: 220801|| aca||aabn | a|a d

040 ## - CATALOGING SOURCE

  • Original cataloging agency:
  • Transcribing agency:

100 ## - HEADING--PERSONAL NAME

  • Personal name: Ricci Sindoni Paola

670 ## - SOURCE DATA FOUND

  • Source citation: Work cat.: ()218608: Ricci Sindoni Paola, Libertà e differenza: per una antropologia a due, 2004
CREDITS: SOCIETA' SAN PAOLO Via A.Severo, 58 - ROMA (RM) & PERIODICI SAN PAOLO SRL Via Giotto, 36 MILANO & CISF Via Giotto, 36 MILANO & EDIZIONI SAN PAOLO SRL,  Piazza Soncino, 5 CINISELLO BALSAMO (MI) -- ITALY